A study of factors related to the need for teacher preparation programs for technical education in Mississippi junior colleges /

Bibliographic Details
Main Author: Johnston, G. H. (Garvin Howell), 1909-
Format: Thesis Microform Book
Language:English
Published: [Place of publication not identified] : [publisher not identified] ; 1967.
Subjects:

MARC

Tag First Indicator Second Indicator Subfields
LEADER 00000cam a2200000 a 4500
001 in00000439321
005 20151012065200.0
007 hd af----b---
008 810918r19681967miu ab 00010 eng d
035 |a (OCoLC)07769281 
035 |9 ABW3304AM 
040 |a MST  |c MST  |d TXA  |d UtOrBLW 
043 |a n-us-ms 
049 |a TXAI 
099 |a film  |a B  |a 762 
100 1 |a Johnston, G. H.  |q (Garvin Howell),  |d 1909- 
245 1 2 |a A study of factors related to the need for teacher preparation programs for technical education in Mississippi junior colleges /  |c by Garvin H. Johnston. 
264 1 |a [Place of publication not identified] :  |b [publisher not identified] ;  |c 1967. 
300 |a iv, 85 leaves. 
336 |a text  |b txt  |2 rdacontent 
337 |a microform  |b h  |2 rdamedia 
338 |a microfilm reel  |b hd  |2 rdacarrier 
500 |a Title from signature page. 
502 |b Ed. D.  |c University of Southern Mississippi  |d 1967. 
504 |a Bibliography: leaves [83]-85 
533 |a Microfilm.  |b Ann Arbor, Mich. :  |c University Microfilms,  |d 1968.  |e 1 microfilm reel ; 35 mm. 
500 |a Microform. 
650 0 |a Technical education  |z Mississippi  |x Teacher training. 
999 |a MARS 
999 f f |s f55e8223-5a49-3319-8d4c-c1acc3ddbd34  |i 0999ea6f-ac7e-3965-a314-3a62dece1302  |t 0 
952 f f |p default  |a Texas A&M University  |b College Station  |c Sterling C. Evans Library  |d Evans: Microforms (3rd floor)  |t 0  |e film B 762  |h Other scheme  |i microform -- microfilm reel 
998 f f |a film B 762  |t 0  |l Evans: Microforms (3rd floor)